000 00218 a2200097 4500
001 30692
100 _aKiser, C ed
245 _aResearch in family planning
260 _aN Jersey
_bPrinceton
_c
090 _c20626
_d20626
942 _aNUST-CAE
_cM
_c11810
999 _c265765
_d265765